Statistics for 🫐 Top 20 Blueberry producing countries

Click here to take the quiz!

General Stats

  • This quiz has been taken 181 times
  • The average score is 13 of 20

Answer Stats

AnswerTonnes% Correct
United States308,760
99%
Canada176,127
94%
Russia3,500
93%
Germany14,850
90%
Mexico48,999
86%
Poland34,770
84%
Spain53,380
81%
Ukraine2,390
75%
Australia6,159
72%
Portugal11,060
66%
Austria1,350
60%
Netherlands11,060
60%
New Zealand3,606
59%
Belgium800
58%
Romania610
57%
Switzerland561
45%
Peru142,427
40%
Latvia470
28%
Lithuania410
28%
Uzbekistan669
20%

Score Distribution

Percentile by Number Answered

Percent of People with Each Score

Your Score History

You have not taken this quiz